000
00308nam a22001337a 4500
003
SGT
020
_a
8124101256
082
_a
301.2
_b
S93S
100
_a
SINGH, YOGENDRA
245
_a
SOCIAL CHANGE IN INDIA:CRISIS &RESILIENCE
260
_b
HAR-ANAND PUBLICATIONS
_c
1993
300
_a
246
942
_2
ddc
_c
BK
999
_c
31908
_d
31908